Discrete mathematics by example

محفوظ في:
التفاصيل البيبلوغرافية
المؤلف الرئيسي: Andrew Simpson
التنسيق: كتاب
اللغة:Undetermined
منشور في: Boston, MA McGraw-Hill 2002
الموضوعات:
الوسوم: إضافة وسم
لا توجد وسوم, كن أول من يضع وسما على هذه التسجيلة!
Thư viện lưu trữ: Trung tâm Học liệu Trường Đại học Cần Thơ
LEADER 00486nam a2200169Ia 4500
001 CTU_56392
008 210402s9999 xx 000 0 und d
082 |a 512.02 
082 |b S613 
100 |a Andrew Simpson 
245 0 |a Discrete mathematics by example 
245 0 |c Andrew Simpson 
260 |a Boston, MA 
260 |b McGraw-Hill 
260 |c 2002 
650 |a logic, symbolic and mathematical,combinatorial analysis 
980 |a Trung tâm Học liệu Trường Đại học Cần Thơ